Matma - Statystyki

Ogólne statystyki
  • Ten quiz został rozwiązany 68 razy
    13 od ostatniego zresetowania
  • Średni wynik to 4 z 5
Statystyki odpowiedzi
Zagadnienie Odpowiedź % Poprawnych
Pi= ~3.14
100%
1*1*1*1*0= 0
91%
NWW= Najmniejsza wspólna wielokrotność
91%
1 do potęgi 0 1
82%
1/0 Nieskończoność & Error (błąd)
36%
Nie znaleziono quizów pasujących do podanych kryteriów
Rozkład punktacji
Procent ludzi z każdym wynikiem
Percentyl według liczby udzielonych odpowiedzi
Twoja historia wyników
Nie rozwiązałeś tego quizu od ostatniego zresetowania